00343nam a22000977a 4500008004100000020001800041100003400059245009200093260005200185300000800237260530b |||||||| |||| 00| 0 eng d a9789381275306 aNagasampige, A V, Joseph Mary aAgnipurana Gosthi Prabandhah (A Collection of Papers Presented in Agnipuranam Seminar)  aBangalorebPoorna Prajna Samshodhan Trustc2013 a78p